000 00592nam a2200145Ia 4500
008 100122s9999 xx 000 0 und d
082 _b47771
_a821
100 _aमहाजन पद्माकर
245 _aआठवणीतल्या कविता भाग - 2 (क. क्र. 14/3 )
260 _bएकनाथ साखळकर
_c1993
300 _a158
630 _aआठवणीतल्या कविता भाग - 2 (क. क्र. 14/3 )
730 _aआठवणीतल्या कविता भाग - 2 (क. क्र. 14/3 )
942 _cBOOK
999 _c426537
_d426534